Statistiken für Rette die Europäer, indem du Länder errätst

Klicken Sie hier um das Quiz zu spielen!

Allgemein

  • Dieses Quiz wurde 19.467 mal gespielt
    (19.083 seit der letzten Aktualisierung)
  • Das Durchschnittsergebnis liegt bei 492 aus 757

Antworten auf der Karte

Die Antworten werden auf der Karte rot bzw. grün angezeigt, abhängig davon wie oft sie richtig erraten wurden.
Laden ...
 

Antwortstatistiken

PopulationLand% Korrekt
83,783,942Deutschland
97%
67,515,709Frankreich
88%
46,754,778Spanien
86%
145,934,462Russland
77%
60,461,826Italien
76%
60,461,826Italien
75%
10,196,709Portugal
63%
37,846,611Polen
62%
10,099,265Schweden
62%
67,886,011Vereinigtes Königreich
61%
5,421,241Norwegen
52%
43,733,762Ukraine
49%
9,006,398Österreich
48%
8,654,622Schweiz
47%
5,540,720Finnland
41%
17,134,872Niederlande
41%
11,589,623Belgien
38%
4,937,786Irland
36%
10,423,054Griechenland
36%
5,792,202Dänemark
31%
19,237,691Rumänien
28%
10,708,981Tschechien
27%
341,243Island
26%
9,660,351Ungarn
25%
6,926,908Serbien
24%
9,449,323Belarus
21%
6,948,445Bulgarien
20%
4,105,267Kroatien
19%
1,326,535Estland
18%
1,886,198Lettland
16%
2,722,289Litauen
15%
2,078,938Slowenien
13%
2,877,797Albanien
13%
5,459,642Slowakei
13%
3,280,819Bosnien und Herzegowina
11%
625,978Luxemburg
11%
1,810,463Kosovo
9%
441,543Malta
9%
77,265Andorra
9%
39,242Monaco
7%
38,128Liechtenstein
7%
801Vatikanstadt
7%
4,033,963Moldawien
5%
33,931San Marino
5%
628,066Montenegro
4%
2,083,374Nordmazedonien
3%

Verteilung der Resultate

Perzentil nach korrekt beantworteten Fragen

Anzahl Personen mit jedem Resultat

Ihre Resultats-Entwicklung

Sie haben dieses Quiz seit der letzten Aktualisierung nicht gespielt